[Event "Wroclaw-ch"]
[Site "Wroclaw"]
[Date "2004.??.??"]
[Round "9"]
[White "Walentukiewicz, Michal"]
[Black "Grodziski, Leszek"]
[Result "1-0"]
[WhiteElo "1965"]
[BlackElo "2060"]
[PlyCount "71"]
[EventDate "2004.??.??"]
[EventType "swiss"]
[EventRounds "9"]
[EventCountry "POL"]
[SourceTitle "EXT 2007"]
[Source "ChessBase"]
[SourceDate "2006.11.23"]
[SourceVersion "1"]
[SourceVersionDate "2006.11.23"]
[SourceQuality "1"]

1. e4 g6 2. d4 d6 3. Nc3 Bg7 4. f3 c6 5. Be3 e6 6. Qd2 b5 7. 0-0-0 Qc7 8. g4 h5 9. gxh5 Rxh5 10. Nge2 Nd7 11. Ng3 Rh8 12. h4 Ngf6 13. Be2 Nb6 14. Rdg1 Bf8 15. Bg5 Nh5 16. Nxh5 gxh5 17. Bf4 e5 18. Bg5 Nd7 19. Bf1 f6 20. Be3 b4 21. Ne2 a5 22. Ng3 exd4 23. Bxd4 Ne5 24. Be2 Be6 25. Kb1 c5 26. Bxe5 dxe5 27. f4 exf4 28. Nxh5 Qf7 29. Bb5+ Ke7 30. Nxf4 Bh6 31. Qf2 Bxf4 32. Qxf4 Bxa2+ 33. Kc1 Rac8 34. b3 Bxb3 35. cxb3 Qxb3 36. Rg7+ 1-0

[Event "Guben op"]
[Site "Guben"]
[Date "2003.??.??"]
[Round "6"]
[White "Grodziski, Leszek"]
[Black "Pueschel, Werner"]
[Result "1-0"]
[WhiteElo "2036"]
[BlackElo "2177"]
[PlyCount "87"]
[EventDate "2003.??.??"]
[EventType "swiss"]
[EventRounds "7"]
[EventCountry "GER"]
[SourceTitle "EXT 2008"]
[Source "ChessBase"]
[SourceDate "2007.11.25"]
[SourceVersion "1"]
[SourceVersionDate "2007.11.25"]
[SourceQuality "1"]

1. e4 c5 2. Nc3 e6 3. Nf3 a6 4. d4 cxd4 5. Nxd4 b5 6. Bd3 Qb6 7. Nb3 Qc7 8. 0-0 Bb7 9. Qe2 d6 10. f4 Nd7 11. Bd2 Ngf6 12. Rae1 Nc5 13. e5 Nxd3 14. cxd3 dxe5 15. fxe5 Nd5 16. Nxd5 Bxd5 17. Rc1 Qd7 18. Qf2 h5 19. Ba5 Ra7 20. Bb6 Rb7 21. Na5 Rxb6 22. Qxb6 Be7 23. Qxa6 0-0 24. Nc6 Bg5 25. Rc2 h4 26. Nb4 Ba8 27. Qb6 Bd8 28. Qe3 h3 29. gxh3 f5 30. Rfc1 Qb7 31. Nc6 Bb6 32. d4 Qd7 33. Kf1 Kh8 34. Qg5 Bxc6 35. Qh5+ Kg8 36. Rxc6 Qa7 37. Rc8 Qb7 38. Rxf8+ Kxf8 39. Kf2 Qd7 40. Ke3 Bd8 41. Qh8+ Kf7 42. Rg1 f4+ 43. Kd3 g5 44. Qh7+ 1-0

[Event "Guben op"]
[Site "Guben"]
[Date "2003.??.??"]
[Round "7"]
[White "Matras Clement, Agnieszka"]
[Black "Grodziski, Leszek"]
[Result "1-0"]
[WhiteElo "2251"]
[BlackElo "2036"]
[PlyCount "113"]
[EventDate "2003.??.??"]
[EventType "swiss"]
[EventRounds "7"]
[EventCountry "GER"]
[SourceTitle "EXT 2008"]
[Source "ChessBase"]
[SourceDate "2007.11.25"]
[SourceVersion "1"]
[SourceVersionDate "2007.11.25"]
[SourceQuality "1"]

1. e4 d6 2. d4 Nf6 3. Nc3 g6 4. Be3 Bg7 5. Qd2 c6 6. f3 a6 7. Bh6 Bxh6 8. Qxh6 Qb6 9. 0-0-0 Nbd7 10. Bc4 Qa5 11. Kb1 Rg8 12. Qe3 b5 13. Bb3 Qb6 14. Qe1 a5 15. a4 bxa4 16. Nxa4 Qb4 17. e5 Nd5 18. exd6 Qxd6 19. Ne2 N7b6 20. Nec3 Nxc3+ 21. Qxc3 Nxa4 22. Bxa4 Bd7 23. Rhe1 g5 24. Re5 Qb4 25. Bxc6 Qxc3 26. Bxd7+ Kxd7 27. bxc3 Rgb8+ 28. Ka2 h6 29. Rd5+ Kc6 30. Rc5+ Kd6 31. Rb1 Rxb1 32. Kxb1 f6 33. Ka2 e5 34. g3 h5 35. h4 g4 36. fxg4 hxg4 37. Rb5 a4 38. Rb6+ Ke7 39. dxe5 fxe5 40. Rb4 Rc8 41. Kb2 a3+ 42. Kb3 a2 43. Ra4 Kf6 44. Rxa2 Rd8 45. c4 Kf5 46. Kb4 Rd2 47. c5 e4 48. c6 Ke6 49. Ra3 Rxc2 50. Rc3 Rb2+ 51. Kc5 Rd2 52. Rc4 Rd5+ 53. Kb6 Rd6 54. Kb7 Kd5 55. Rc1 Ke6 56. c7 Rd7 57. Kb8 1-0

[Event "Polanica Zdroj op-B"]
[Site "Polanica Zdroj"]
[Date "1999.??.??"]
[Round "3"]
[White "Grodziski, Leszek"]
[Black "Banasik, Henryk"]
[Result "0-1"]
[WhiteElo "2069"]
[BlackElo "2163"]
[PlyCount "117"]
[EventDate "1999.??.??"]
[EventType "swiss"]
[EventRounds "10"]
[EventCountry "POL"]
[SourceTitle "EXT 2001"]
[Source "ChessBase"]
[SourceDate "2000.11.22"]
[SourceVersion "1"]
[SourceVersionDate "2000.11.22"]
[SourceQuality "1"]

1. e4 c5 2. Nf3 Nc6 3. d4 cxd4 4. Nxd4 Nf6 5. Nc3 e5 6. Ndb5 d6 7. Be2 a6 8. Na3 Be6 9. Be3 d5 10. exd5 Nxd5 11. Nxd5 Qa5+ 12. c3 Bxa3 13. Bb6 Qxd5 14. Qxd5 Bxd5 15. bxa3 Ne7 16. 0-0 Rc8 17. Rfc1 Rc6 18. Rab1 0-0 19. c4 Be4 20. Rb3 Rg6 21. f3 Bc6 22. Bc5 Re6 23. Bd3 f5 24. Re1 g6 25. Bc2 Re8 26. Rbe3 Nc8 27. a4 Kf7 28. a5 e4 29. f4 Rd8 30. R1e2 Ree8 31. Bb4 Bd7 32. Rh3 h5 33. Bc5 Be6 34. Rc3 Ne7 35. Bxe7 Rxe7 36. Kf2 Rc8 37. Bb3 Rec7 38. Rec2 Rc5 39. Ke3 Rxa5 40. c5 Bxb3 41. Rxb3 Rc7 42. Kd4 Ke6 43. Rb6+ Kf7 44. Rb3 Rd7+ 45. Ke3 Ra4 46. Ke2 h4 47. Ke1 g5 48. g3 Kg6 49. Rb6+ Kh5 50. fxg5 hxg3 51. g6 Kg4 52. Rf6 Rad4 53. hxg3 Rd1+ 54. Ke2 Kg5 55. Rb6 R1d3 56. Kf2 Kg4 57. Re6 Rf3+ 58. Ke1 Rxg3 59. Rh2 0-1